000 01909cam a2200361 4500
001 L129162
008 050324n2005 000 0 eng u
035 _a(Sirsi) u129162
041 0 _aeng
050 0 4 _a693.893 $2 18
100 1 _aReyers, John
245 0 0 _aResearch into mould and the implications for chartered surveyors
260 _aLondon
_bRICS
_c2005
300 _a23p.
_c30cm.
520 _aPresents the findings of RICS commissioned research into the levels of mould in homes, hospitals, schools, offices and other dwellings across England. Research was instigated as a result of concerns about the possible legal and insurance effects on chartered surveyors who regularly investigate mould in people's homes. Discusses the implications of the findings for surveyors and specifically calls for clear guidance to be developed for reporting mould in homes. Findings are presented in the form of diagrams, tables and graphs. Appendices include the questionnaire, sampling instructions for surveyors and a custody form.
650 2 4 _aSTACHYBOTRYS CHARTARUM
650 2 4 _aASPERGILLUS FUMIGATUS
651 4 _aEngland
_y886-
690 _aBUILT ENVIRONMENT-BUILDING PATHOLOGY-FUNGAL INFESTATION
700 1 _aRichardson, Malcolm
700 1 _aNewton, Chris
700 1 _aStott, Richard
700 1 _aRispin, Chris
710 2 _aRoyal Institution of Chartered Surveyors
_bBuilding Surveying Faculty
_94830
710 2 _aRoyal Institution of Chartered Surveyors
_bConstruction Faculty
_94214
710 2 _aRoyal Institution of Chartered Surveyors
_bFacilities Management Faculty
_94295
710 2 _aRoyal Institution of Chartered Surveyors
_bResidential Property Faculty
_94304
710 2 _aFugenex Health Office
_95097
710 2 _aSanderson Weatherall
_95098
710 2 _aAllied Surveyors
_95099
710 2 _aEcoLab Specialist Surveying Services Peter Cox
_95100
942 _n0
999 _c104115
_d104115